| 000 | 00962nam a2200265Ia 4500 | ||
|---|---|---|---|
| 003 | OSt | ||
| 005 | 20221005104914.0 | ||
| 006 | a|||||r|||| 00| 0 | ||
| 007 | ta | ||
| 008 | 221004b |||||||| |||| 00| 0 tel d | ||
| 020 | _a8171490387 (pbk) | ||
| 024 | _a4300 | ||
| 037 |
_bGift, 17/05/2013, _cTextual |
||
| 040 |
_aCRL _cCRL _btel |
||
| 041 |
_2tel _atel |
||
| 082 | _aO35,3x, 152P3 | ||
| 100 | _aरेड्डी, विजयराघव | ||
| 245 | 0 | _aचर्चित तेलुगु कहानीकार और कहानियॉं | |
| 246 | _aCharchit telugu kahānīkār aur kahāniyaॉan | ||
| 260 |
_aदिल्ली _bसाहित्य सहकार भारत _c2003 |
||
| 300 |
_a176पृ0 _ccm. |
||
| 650 | _aतेलुगु साहित्य | ||
| 942 |
_hO35,3x, 152P3 _cTEXL _2cc |
||
| 999 |
_c1014146 _d1014146 |
||